000 00364nam a2200157Ia 4500
003 OSt
005 20240222120237.0
008 170524s9999 xx 000 0 und d
020 _a978-8120329638
040 _cIIMT UNIVERSITY
100 _aKEVIN- S.
100 _c2012
245 0 _aSECURITY ANALYSIS AND PORTFOLIO MANAGEMENT
260 _aPHI
942 _2ddc
_c01
999 _c2964
_d2964